000 00502nam a2200145Ia 4500
008 151213s9999 xx 000 0 und d
100 _aঝযধসংঁষ ঐধয়লঁব
245 _aচধৎঃহবৎংযরঢ় অপঃ ১৯৯২
_cঝযধসংঁষ ঐধয়লঁব
260 _aDhaka
_bজড়সধহধ ঐধয়ঁব
_c1997
300 _a5128 p.
650 _aLaw
650 _aLaw
700 _aঝযধসংঁষ ঐধয়লঁব
999 _c3166
_d3166